000 00807nam a22002057a 4500
999 _c176390
_d176390
005 20201217151148.0
010 _aENG-128692
020 _a978-93-534-3511-0
_c529.00
035 _aEN-112224
037 _bDBAD/PUB
082 _a005.74
100 _aMukherjee, Sourabh
245 _aBig Data Simplified/
_cSourabh Mukherjee, Amit Kumar Das, and Sayan Goswami
260 _aUttar Pradesh
_bPearson India Education Services Pvt. Ltd.
_c2019
270 _bUttar Pradesh
_e201301
_a15th Floor, Tower-B, World Trade Tower, Plot No.- 1, Block-C, Sector-16, Noida
_mcompanysecretary.india@pearson.com
_k044-66540100
300 _axxx+329p.
_c23cm(pbk)
_bIncluding illustrations, Tables and Index.
700 _aDas, Amit Kumar
700 _aGoswami, Sayan
942 _2ddc
_cEN
_h005.74
_mMUK